Statistics for NBA Worst Team Records

Click here to take the quiz!

General Stats

  • This quiz has been taken 10 times
  • The average score is 5 of 30

Answer Stats

SeasonRecordWin %Answer% Correct
2011-127-5911%Charlotte Hornets | Charlotte Bobcats
67%
2023-2413-6916%Detroit Pistons
44%
1972-739-7311%Philadelphia 76ers
44%
1992-9311-7113%Dallas Mavericks
22%
1952-5312-5717%Golden State Warriors | Philadelphia Warriors
22%
1982-8320-6224%Indiana Pacers
22%
1986-8712-7015%Los Angeles Clippers
22%
2023-2415-6718%Washington Wizards
22%
2004-0513-6916%Atlanta Hawks
11%
1996-9715-6718%Boston Celtics
11%
2009-1012-7015%Brooklyn Nets
11%
2000-0115-6718%Chicago Bulls
11%
1970-71, 1981-8215-6718%Cleveland Cavaliers
11%
1997-9811-7113%Denver Nuggets
11%
1982-8314-6817%Houston Rockets
11%
2015-1617-6521%Los Angeles Lakers
11%
1998-998-4216%Memphis Grizzlies | Vancouver Grizzlies
11%
1988-89, 2007-0815-6718%Miami Heat
11%
2013-1415-6718%Milwaukee Bucks
11%
1991-92, 2009-1015-6718%Minnesota Timberwolves
11%
2004-0518-6422%New Orleans Pelicans | New Orleans Hornets
11%
2014-15, 2018-1917-6521%New York Knicks
11%
2007-0820-6224%Oklahoma City Thunder | Seattle Supersonics
11%
1989-9018-6422%Orlando Magic
11%
1968-6916-6620%Phoenix Suns
11%
1971-7218-6422%Portland Trail Blazers
11%
2008-0917-6521%Sacramento Kings
11%
1996-9720-6224%San Antonio Spurs
11%
1997-9816-6620%Toronto Raptors
11%
1974-7523-5928%Utah Jazz
11%

Score Distribution

Percentile by Number Answered

Percent of People with Each Score

Your Score History

You have not taken this quiz